006580000a22001690004500003001100000008004100011020001800052040003900070041000800109082001500117111010000132245005600232260006600288300006200354650004100416650003100457LK-CoMWRAF230817t2006 ||||| |||| 00| 0 eng d a9783952317204 aLK-CoMWRAFdLK-CoMWRAFeLK-CoMWRAF aeng a305.8bINT aINTERNATIONAL SEMINAR BY CENTRE FOR JUST PEACE AND DEMOCRACYc(Zurich, SwitzerlanddApril 2006) aEnvisioning new Trajectories for Peace in Sri Lanka a[Colombo]:bCentre for Just Peace and Democracy (CJPD),c2006 a505 P. [11] p. of plates : col. ill., 1 col. map ; 23 cm  aPEACE BUILDING-SRI LANKA-CONGRESSES  aEthnic conflict- Sri Lanka